000 00595nam a2200241Ia 4500
003 OSt
005 20221005131151.0
006 a|||||r|||| 00| 0
007 ta
008 221004b |||||||| |||| 00| 0 urd d
020 _c250
024 _a112193
037 _cTextual
040 _aCRL
_cCRL
_burd
041 _2urd
_aurd
082 _aO168,1L97:g, P7
100 _aQazi Sayeeduddin
_9205708
245 0 _aSharah deewan-e-Ghalib
260 _c2007
650 _aURDU POETRY
942 _hO168,1L97:g, P7
_cTEXL
_2cc
999 _c1059526
_d1059526